02356cam a22003255a 45000010009000000050017000090080041000260200030000670400037000970430012001340820022001461000034001682450087002022500012002892600049003013000021003505000024003715040041003955201194004366500042016306500054016726500047017266500054017736510010018276530024018376550024018619420008018859990017018939520120019101853373020151027145803.0150316t2015 nyu frb 001 0 eng  a9780393246803 (hardcover) aPSt/DLCbengcPStdDLCdEG-ScBUE an-us---04a388.0973222bKAN1 aKanter, Rosabeth Moss.93858510aMove :bputting America's infrastructure back in the lead /cRosabeth Moss Kanter. a1st ed. aNew York :bW. W. Norton & Company,cc.2015. a325 p. ;c25 cm. aIndex : p. 305-325. aIncludes bibliographical references. a"One of the "50 most powerful women in the world" (The Times), best-selling author Rosabeth Moss Kanter tackles America's most urgent domestic issue. America is stuck: just look at our crumbling roads and bridges, mismanaged railways, old-fashioned and easily overloaded air traffic control system, and perpetual lack of political will to do anything about it all. In contrast, take a trip around the world. Whiz through the "Chunnel" connecting England and France, get high-speed Internet and cell service on a remote mountain in Turkey, or travel in a driverless Mercedes in Germany, and see a future of possibilities that the United States is barely glimpsing. Whether you are a small business owner with rising transportation costs, an environmentally conscious citizen worried about greenhouse gases, a champion for social justice who knows that poorer citizens are often stuck in neighborhoods with the fewest transportation options, or simply a commuter who is all-too-familiar with traffic congestion, Rosabeth Moss Kanter's bold solutions will motivate all of us to move our transportation infrastructure into a cleaner, faster, and more prosperous future"--Provided by publisher. 0aTransportationzUnited States.2BUEsh 0aTransportation engineeringzUnited States.2BUEsh 0aMigration, InternalzUnited States.2BUEsh 0aInfrastructure (Economics)zUnited States.2BUEsh 2BUEsh bBUSADMcOctober2015 vReading book934232 2ddc c20994d20966 00102ddc40708BaccahaMAINbMAINc1STd2015-10-27ePurchasel0o388.0973 KANp000031194r2025-07-15 00:00:00yBB